Представление документа в формате MARC21

Поле Инд. ПП Название Значение
Тип записи a
Библиографический уровень b
001 Контрольный номер RU/IS/BASE/457724381
005 Дата корректировки 20200522191655.3
008 Кодируемые данные 20140703
040 b Код языка каталог. rus
e Правила каталог. PSBO
041 0_ a Код языка текста rus
084 a Индекс другой классификации/Индекс ББК 65.285; 65.5
100 1_ a Автор Крюков В. А.
q Полное имя Крюков Валерий Анатольевич
100 1_ a Автор Селезнева О. А.
q Полное имя Селезнева Ольга Александровна
245 10 a Заглавие Нефтегазовые ресурсы в меняющейся институциональной среде
504 a Библиография Лит.: (41 назв.)
520 0_ a Аннотация Григорьев Л.М. о статье: "Авторы рассматривают современный подход к формированию ресурсной базы нефти и природного газа в период, когда цены на эти ресурсы выросли в несколько раз. Как известно, рост цен сопровождался неожиданным появлением новых технологий извлечения нефти и природного газа из недр. Последствия этих изменений еще не осмыслены. Энергетики широко рассматривают институциональные подходы к анализу процессов во всей цепочке от разведки ресурсов до их переработки, поскольку формализованные подходы нуждаются в проявлении логики действий государства.
650 14 a Основная рубрика мировая экономика
a Основная рубрика экономика
a Основная рубрика экономика природопользования
653 1_ a Ключевые слова газ
a Ключевые слова добыча углеводородов
a Ключевые слова запасы нефти
a Ключевые слова институциональная среда
a Ключевые слова источники энергии
a Ключевые слова истощение природных ресурсов
a Ключевые слова мировые цены на нефть
a Ключевые слова нефтегазовый сектор экономики
a Ключевые слова нефть
a Ключевые слова потребление энергии
a Ключевые слова производство энергии
a Ключевые слова сланцевый газ
a Ключевые слова спрос на энергоресурсы
a Ключевые слова технологии
a Ключевые слова топливно-энергетические ресурсы
a Ключевые слова энергетика
a Ключевые слова энергетическая политика
a Ключевые слова энергетические ресурсы
a Ключевые слова энергетические рынки
773 08 t Заглавие источника Экономический журнал ВШЭ
d Дата издания источника 2013
g Прочая информация Т. 17, № 3. - С. 407 - 429 : рис., диагр., табл.
w Контрольный № источника RU/IS/BASE/435078769
901 t Тип документа b